Advanced first aid afloat
保存先:
| 第一著者: | |
|---|---|
| フォーマット: | 図書 |
| 言語: | 英語 |
| 出版事項: |
Fairfax
Cornell Maritime Press
1987
|
| 版: | 3a. ed |
| 主題: | |
| タグ: |
タグ追加
タグなし, このレコードへの初めてのタグを付けませんか!
|
MARC
| LEADER | 00000nam a2200000 a 4500 | ||
|---|---|---|---|
| 001 | UCX8053 | ||
| 003 | CL-VaPUC | ||
| 008 | 940121e19870000US |||||||||||||||||eng|d | ||
| 082 | 0 | 4 | |a 616.0252 |b EAS |2 21 |
| 100 | 0 | |a Eastman, Peter F |e author |9 325080 | |
| 245 | 1 | 0 | |a Advanced first aid afloat |
| 250 | |a 3a. ed | ||
| 300 | |a 214 p | ||
| 942 | |c BK | ||
| 945 | |d 19940121 00:00:00 |a mfernand | ||
| 260 | |a Fairfax |b Cornell Maritime Press |c 1987 | ||
| 650 | 0 | |a Primeros auxilios |9 308210 | |
| 650 | 7 | |a MEDICINA NAVAL |2 CL-VaPUC |9 325081 | |
| 583 | |a last modification |c 20120711 11:41:26 |k Rodrigo Vera | ||
| 999 | |c 227680 |d 227678 | ||